Cyclisme : top 3 de chaque étape du Giro/Tour d’Italie 2024 - Statistiques

Statistiques générales
  • Ce quiz a été pris 336 fois
  • Le résultat moyen est 36 sur 63
Statistiques - réponses
Étapes Pos Coureur % Correct
Étape 2 1er Tadej Pogacar
100%
Étape 7 1er Tadej Pogacar
100%
Étape 8 1er Tadej Pogacar
100%
Étape 15 1er Tadej Pogacar
100%
Étape 16 1er Tadej Pogacar
100%
Étape 20 1er Tadej Pogacar
100%
2ème Tadej Pogacar
100%
2ème Tadej Pogacar
100%
3ème Tadej Pogacar
100%
Étape 4 1er Jonathan Milan
84%
Étape 11 1er Jonathan Milan
84%
Étape 13 1er Jonathan Milan
84%
2ème Jonathan Milan
84%
2ème Jonathan Milan
84%
2ème Jonathan Milan
84%
2ème Jonathan Milan
84%
Étape 5 1er Benjamin Thomas
79%
3ème Geraint Thomas
79%
Étape 1 1er Jhonatan Narvaez
75%
2ème Jhonatan Narvaez
75%
Étape 3 1er Tim Merlier
74%
Étape 18 1er Tim Merlier
74%
Étape 21 1er Tim Merlier
74%
2ème Daniel Martinez
73%
2ème Daniel Martinez
73%
3ème Daniel Martinez
73%
3ème Daniel Martinez
73%
Étape 12 1er Julian Alaphilippe
63%
2ème Julian Alaphilippe
63%
Étape 10 1er Valentin Paret-Peintre
62%
2ème Valentin Paret-Peintre
62%
Étape 14 1er Filippo Ganna
59%
2ème Filippo Ganna
59%
3ème Ben O'Connor
57%
2ème Romain Bardet
57%
Étape 9 1er Olav Kooij
48%
2ème Kaden Groves
45%
2ème Kaden Groves
45%
3ème Kaden Groves
45%
3ème Kaden Groves
45%
2ème Giulio Pellizzari
42%
3ème Antonio Tiberi
41%
2ème Nairo Quintana
38%
Étape 6 1er Pelayo Sanchez
35%
2ème Pelayo Sanchez
35%
2ème Max Schachmann
34%
Étape 17 1er Georg Steinhauser
31%
3ème Georg Steinhauser
31%
3ème Georg Steinhauser
31%
3ème Thymen Arensman
28%
Étape 19 1er Andrea Vendrame
24%
3ème Biniam Girmay
24%
3ème Phil Bauhaus
24%
3ème Phil Bauhaus
24%
3ème Jan Tratnik
18%
3ème Lucas Plapp
18%
2ème Michael Valgren
16%
3ème Sebastian Molano
16%
2ème Stanislaw Aniolkowski
15%
3ème Andrea Pietrobon
14%
3ème Magnus Sheffield
10%
3ème Giovanni Lonardi
8%
3ème Quinten Hermans
8%
Aucun quiz correspondant
Distribution des résultats
% des personnes avec chaque résultat
Percentile par nombre de réponses
Votre historique - résultats
Vous n’avez pas pris ce quiz